000 00607nam a2200229Ia 4500
003 OSt
005 20220924143339.0
006 a|||||r|||| 00| 0
007 ta
008 220923b |||||||| |||| 00| 0 urd d
024 _a307833
037 _cTextual
040 _aARTS
_cARTS
_burd
041 _2urd
_aurd
082 _aB92:(Q7:21), 168L0
100 _aNadwi Shahabuddin
_9215500
245 0 _aChand ki taskheer Quran ki nazar mein
260 _c1970
650 _aMATHEMATICS
_92141
942 _hB92:(Q7:21), 168L0
_cTEXL
_2CC
999 _c454141
_d454141